00317nam a2200085Ia 4500008004100000041000800041100002100049245011000070260005100180241105s9999 xx 000 0 und d aeng aAmbatkar Vaidehi aWalking Throught The Urban Heritage : Creating A Landscape Experience For Streetscapes And Heritage Walks bBNCA M Arch Landscape Architecture, Punec2021